[Event "Mittelfranken-chTB1 1011"]
[Site "Germany"]
[Date "2010.09.26"]
[Round "1.7"]
[White "Hein, Manfred"]
[Black "Steinmetz, Thomas"]
[Result "1/2-1/2"]
[WhiteElo "1922"]
[BlackElo "1860"]
[PlyCount "68"]
[EventDate "2010.09.26"]
[EventType "team-tourn"]
[EventRounds "9"]
[EventCountry "GER"]
[SourceTitle "EXT 2012"]
[Source "ChessBase"]
[SourceDate "2011.11.24"]
[SourceVersion "1"]
[SourceVersionDate "2011.11.24"]
[SourceQuality "1"]
[WhiteTeam "Gunzenhausen"]
[BlackTeam "Heilsbronn"]
[WhiteTeamCountry "GER"]
[BlackTeamCountry "GER"]

1. e4 e6 2. d4 d5 3. Nd2 Nf6 4. e5 Nfd7 5. Ndf3 c5 6. c3 Nc6 7. Bb5 cxd4 8. Bxc6 bxc6 9. cxd4 Bb4+ 10. Bd2 Bxd2+ 11. Qxd2 c5 12. Ne2 0-0 13. 0-0 Ba6 14. Rfe1 Bxe2 15. Rxe2 Qb6 16. b3 Rac8 17. h3 Rc7 18. Rc1 Rfc8 19. dxc5 Nxc5 20. Qd4 Nd7 21. Rxc7 Rxc7 22. Qxb6 Nxb6 23. Nd4 Rc1+ 24. Kh2 a6 25. Rc2 Rxc2 26. Nxc2 f6 27. exf6 gxf6 28. a4 e5 29. Kg1 a5 30. f3 Kf7 31. Kf2 Nd7 32. b4 axb4 33. Nxb4 Ke6 34. g4 Kd6 1/2-1/2

[Event "Mittelfranken-chTB2b 0910"]
[Site "Mittelfranken"]
[Date "2010.01.31"]
[Round "6.8"]
[White "Steinmetz, Thomas"]
[Black "Koegler, Christian"]
[Result "1/2-1/2"]
[WhiteElo "1865"]
[BlackElo "1657"]
[PlyCount "53"]
[EventDate "2009.10.11"]
[EventType "team-tourn"]
[EventRounds "9"]
[EventCountry "GER"]
[SourceTitle "EXT 2011"]
[Source "ChessBase"]
[SourceDate "2010.11.26"]
[SourceVersion "1"]
[SourceVersionDate "2010.11.26"]
[SourceQuality "1"]
[WhiteTeam "Heilsbronn"]
[BlackTeam "Nuernberg Zabo"]
[WhiteTeamCountry "GER"]
[BlackTeamCountry "GER"]

1. e4 c5 2. c4 Nc6 3. Nc3 d6 4. d3 e5 5. g3 g6 6. Bg2 Bg7 7. Nge2 f5 8. Nd5 Nge7 9. Nec3 0-0 10. 0-0 Nxd5 11. Nxd5 Nd4 12. Be3 Be6 13. Bxd4 cxd4 14. Qd2 Bxd5 15. exd5 g5 16. f3 h5 17. Rae1 f4 18. g4 hxg4 19. fxg4 Qf6 20. Be4 Qh6 21. Qg2 Bf6 22. Rf3 Be7 23. Rh3 Qf6 24. Bf5 Kf7 25. Rh7+ Ke8 26. Qh3 Kd8 27. Rh6 1/2-1/2